| 000 | 01145nam a2200337 c 4500 | ||
|---|---|---|---|
| 001 | 4245 | ||
| 003 | ES-MaCES | ||
| 005 | 20141221121715.0 | ||
| 008 | 961016s1996 sp ||| | spa d | ||
| 017 |
_aM-25.265-1996 _bDL |
||
| 035 | _aCES19980042804m | ||
| 040 |
_aES-MaCES _bspa _cES-MaCES |
||
| 041 | 0 |
_aspa _aeng |
|
| 110 | 2 |
_aFundación Centro de Iniciativas e Investigaciones Europeas en el Mediterráneo _93777 |
|
| 245 | 1 | 0 |
_aMemoria de actividades 1995 _b= Report of activities _cFundació CIREM ; [corrección y traducción, M. Josep Boix] |
| 246 | 3 | _aReport of activities 1995 | |
| 260 |
_a[Madrid] _bLa Fundación _c1996 |
||
| 300 |
_a182 p. _c21 cm |
||
| 500 | _aTít. tomado de la cub | ||
| 541 | _cGratuito | ||
| 610 | 2 | 4 |
_aFundación Centro de Iniciativas e Investigaciones Europeas en el Mediterráneo _93777 |
| 650 | 4 |
_ainforme de actividades _928984 |
|
| 650 | 4 |
_a1995 _930872 |
|
| 650 | 4 |
_amemoria anual _928977 |
|
| 650 | 4 |
_ainforme _928986 |
|
| 653 | 1 | 0 | _aOrganizaciones |
| 700 | 1 |
_aBoix, M. Josep _etr. _97990 |
|
| 902 | _aLIB Libro | ||
| 942 |
_2CES _cBK _h6.3. |
||
| 999 |
_c4245 _d4245 |
||